书目信息 |
| 题名: |
要做共产主义接班人
|
|
| 作者: | 喻成功 , 余远荣 词曲 ;陈国权 配伴奏 | |
| 分册: | ||
| 出版信息: | 北京 人民音乐出版社 1975 |
|
| 页数: | 2页 | |
| 开本: | 26cm | |
| 丛书名: | ||
| 单 册: | ||
| 中图分类: | J652.1 | |
| 科图分类: | ||
| 主题词: | 儿童歌曲--乐谱--中国 , 外国音乐--作品 , 音乐--各国--作品 | |
| 电子资源: | ||
| ISBN: | ||
| 000 | 00813nam0 2200265 45 | |
| 001 | 0175003564 | |
| 005 | 20060706092912.37 | |
| 010 | @dCNY0.09 | |
| 100 | @a19951009d1975 cemy0chiy0121 ea | |
| 101 | 0 | @achi |
| 102 | @aCN@b110000 | |
| 105 | @ag z 000yy | |
| 200 | 10 | @a要做共产主义接班人@Ayao zuo gong chan zhu yi jie ban ren@e革命歌曲@e正谱本@f喻成功,余远荣词曲@Fyu cheng gong,yu yuan rong ci qu@g陈国权配伴奏 |
| 210 | @a北京@c人民音乐出版社@d1975 | |
| 215 | @a2页@d26cm | |
| 606 | @a儿童歌曲@x乐谱@y中国 | |
| 606 | 0 | @a外国音乐@x作品 |
| 606 | 0 | @a音乐@y各国@x作品 |
| 690 | @aJ652.1@v4 | |
| 701 | 0 | @a喻成功@Ayu cheng gong@4词曲 |
| 701 | 0 | @a余远荣@Ayu yuan rong@4词曲 |
| 702 | 0 | @a陈国权@Achen guo quan@4配伴奏 |
| 801 | 2 | @aCN@bNLC@c20060706 |
| 801 | 0 | @aCN@bTSSF |
| 905 | @a10447@dJ652.1@e10 | |
| 要做共产主义接班人:革命歌曲:正谱本/喻成功,余远荣词曲/陈国权配伴奏.-北京:人民音乐出版社,1975 |
| 2页;26cm |
| ISBN :CNY0.09 |
| ● |
| 相关链接 |
|
|
|
|
正题名:要做共产主义接班人
索取号:J652.1/10
 
预约/预借
| 序号 | 登录号 | 条形码 | 馆藏地/架位号 | 状态 | 备注 |
| 1 | 0003743 | 202388594 | 密集书库/ [索取号:J652.1/10] | 在馆 |